000 00287nam a22001337a 4500
008 171101b xxu||||| |||| 00| 0 eng d
020 _a9780465022489
041 _aeng
080 _a33
100 _a59
101 _aBUS
245 _aPRICING THE FUTURE
_cSZPIRO,G.G
942 _2udc
_cBK
999 _c36957
_d36957